[Event "POL-chT4 Kujawsko Pomorskie 0708"]
[Site "Poland"]
[Date "2008.04.06"]
[Round "11.19"]
[White "Ciemniak, Krzysztof"]
[Black "Plecyng, Waldemar"]
[Result "1-0"]
[WhiteElo "2079"]
[BlackElo "1851"]
[PlyCount "59"]
[EventDate "2007.11.04"]
[EventType "team-tourn"]
[EventRounds "11"]
[EventCountry "POL"]
[SourceTitle "EXT 2019"]
[Source "ChessBase"]
[SourceDate "2018.10.10"]
[SourceVersion "1"]
[SourceVersionDate "2018.10.10"]
[SourceQuality "1"]

1. e4 e5 2. Nf3 Nc6 3. Bb5 Nf6 4. 0-0 d6 5. d4 exd4 6. Nxd4 Bd7 7. Bxc6 bxc6 8. Qf3 c5 9. Nf5 g6 10. Nh6 Bxh6 11. Bxh6 Ng4 12. Bg7 Rg8 13. Bc3 Qg5 14. e5 Rd8 15. exd6 cxd6 16. Re1+ Kf8 17. Qg3 Qd5 18. h3 Ne5 19. Qh4 g5 20. Qh6+ Rg7 21. Nd2 Re8 22. Ne4 Re6 23. Nf6 Qc6 24. Nxh7+ Kg8 25. Nf6+ Kf8 26. Qh8+ Ke7 27. Qxg7 Rxf6 28. Qxg5 Be6 29. Rxe5 dxe5 30. Bxe5 1-0

[Event "POL-chT4 Kujawsko Pomorskie 0708"]
[Site "Poland"]
[Date "2008.02.24"]
[Round "8.27"]
[White "Plecyng, Waldemar"]
[Black "Hetmanski, Waldemar"]
[Result "1-0"]
[WhiteElo "1851"]
[BlackElo "1898"]
[PlyCount "113"]
[EventDate "2007.11.04"]
[EventType "team-tourn"]
[EventRounds "11"]
[EventCountry "POL"]
[SourceTitle "EXT 2019"]
[Source "ChessBase"]
[SourceDate "2018.10.10"]
[SourceVersion "1"]
[SourceVersionDate "2018.10.10"]
[SourceQuality "1"]

1. c4 Nf6 2. Nc3 g6 3. g3 Bg7 4. Nf3 0-0 5. Bg2 d6 6. 0-0 c5 7. Rb1 Nc6 8. a3 Bd7 9. d3 Rc8 10. b4 b6 11. b5 Nd4 12. Nxd4 cxd4 13. Nd5 Nxd5 14. Bxd5 Bh3 15. Re1 Bg4 16. Qd2 Rc5 17. a4 e6 18. Bg2 e5 19. Ba3 Rc8 20. Qb4 Qg5 21. Qxd6 Rfd8 22. Qb4 Qh5 23. Qd2 Bh6 24. Qc2 f5 25. Qa2 Kh8 26. Be7 Re8 27. Bf6+ Bg7 28. Bxg7+ Kxg7 29. Qd2 h6 30. a5 g5 31. axb6 axb6 32. Ra1 Qf7 33. Ra6 Qf6 34. Ra7+ Kh8 35. Rea1 e4 36. Re1 e3 37. fxe3 Rxe3 38. Qa2 Rce8 39. Ra8 Qe7 40. Rxe8+ Qxe8 41. Kf2 f4 42. gxf4 gxf4 43. Qa8 Bc8 44. Be4 Rh3 45. Rg1 Rxh2+ 46. Ke1 Qd7 47. Qb8 Rh5 48. Qxf4 Qe7 49. Rf1 Qb4+ 50. Qd2 Qb1+ 51. Kf2 Qb3 52. Qf4 Qa3 53. Qf6+ Kg8 54. Rg1+ Rg5 55. Rxg5+ hxg5 56. Qd8+ Kf7 57. Bd5+ 1-0

[Event "POL-chT4 Kujawsko Pomorskie 0708"]
[Site "Poland"]
[Date "2008.01.27"]
[Round "6.33"]
[White "Plecyng, Waldemar"]
[Black "Bieganowski, Roman"]
[Result "0-1"]
[WhiteElo "1851"]
[BlackElo "1959"]
[PlyCount "54"]
[EventDate "2007.11.04"]
[EventType "team-tourn"]
[EventRounds "11"]
[EventCountry "POL"]
[SourceTitle "EXT 2019"]
[Source "ChessBase"]
[SourceDate "2018.10.10"]
[SourceVersion "1"]
[SourceVersionDate "2018.10.10"]
[SourceQuality "1"]

1. e4 c5 2. c3 d6 3. d4 Nf6 4. dxc5 Nc6 5. f3 d5 6. exd5 Qxd5 7. Qxd5 Nxd5 8. Bc4 e6 9. Bxd5 exd5 10. Be3 Ne5 11. b4 a5 12. f4 Nd3+ 13. Ke2 Bf5 14. Nd2 axb4 15. cxb4 Nxb4 16. Ngf3 Nc2 17. Rac1 Nxe3 18. Kxe3 Rxa2 19. Kd4 f6 20. Rhe1+ Kf7 21. Kxd5 Be7 22. Nc4 Rd8+ 23. Nd6+ Kf8 24. Nd4 Bc8 25. Ne6+ Bxe6+ 26. Kxe6 Bxd6 27. cxd6 Rd2 0-1

[Event "POL-chT4 Kujawsko Pomorskie 0708"]
[Site "Poland"]
[Date "2007.12.02"]
[Round "3.9"]
[White "Plecyng, Waldemar"]
[Black "Labun, Kornel"]
[Result "1-0"]
[WhiteElo "1851"]
[BlackElo "1825"]
[PlyCount "95"]
[EventDate "2007.11.04"]
[EventType "team-tourn"]
[EventRounds "11"]
[EventCountry "POL"]
[SourceTitle "EXT 2019"]
[Source "ChessBase"]
[SourceDate "2018.10.10"]
[SourceVersion "1"]
[SourceVersionDate "2018.10.10"]
[SourceQuality "1"]

1. e4 e5 2. Nf3 f5 3. Nxe5 Qf6 4. d4 d6 5. Nc4 fxe4 6. Nc3 Qg6 7. Nd5 Qf7 8. Nce3 c6 9. Nc3 d5 10. Bd2 Nf6 11. Ne2 Bd6 12. Ng3 0-0 13. Be2 c5 14. c3 cxd4 15. cxd4 Nc6 16. Bc3 Kh8 17. 0-0 Be6 18. Ngf5 Bc7 19. f3 Qh5 20. f4 Qe8 21. Ng3 a6 22. Rc1 Rc8 23. Qb3 b5 24. a3 Bb6 25. Qd1 Qd7 26. f5 Bf7 27. Kh1 Nxd4 28. Ng4 Nxe2 29. Qxe2 Qe7 30. Nxf6 gxf6 31. Rcd1 Rcd8 32. Qg4 Rfe8 33. Qh4 d4 34. Bb4 Qe5 35. Rf4 e3 36. Re4 Qc7 37. Qxf6+ Kg8 38. Rg4+ Bg6 39. fxg6 h5 40. Nxh5 a5 41. Be1 Rd6 42. Qh4 Rf8 43. Bg3 e2 44. Rg1 Qc1 45. Nf6+ Rfxf6 46. Qh7+ Kf8 47. Bxd6+ Ke8 48. Qe7# 1-0

[Event "POL-chT Region 0607"]
[Site "Poland"]
[Date "2007.03.18"]
[Round "10"]
[White "Plecyng, Waldemar"]
[Black "Grylewicz, Bernard"]
[Result "1/2-1/2"]
[WhiteElo "1800"]
[BlackElo "2000"]
[PlyCount "67"]
[EventDate "2006.11.12"]
[EventType "team-tourn"]
[EventRounds "11"]
[EventCountry "POL"]
[SourceTitle "EXT 2008"]
[Source "ChessBase"]
[SourceDate "2007.11.25"]
[SourceVersion "1"]
[SourceVersionDate "2007.11.25"]
[SourceQuality "1"]

1. e4 c5 2. c3 Nf6 3. e5 Nd5 4. d4 cxd4 5. cxd4 d6 6. Nf3 Nc6 7. Bc4 e6 8. Bxd5 exd5 9. 0-0 Be7 10. Nc3 dxe5 11. dxe5 Be6 12. Re1 0-0 13. Be3 Na5 14. Qe2 Nc4 15. Bd4 Bg4 16. b3 Na5 17. h3 Be6 18. Rac1 b6 19. Qb5 Rc8 20. Red1 Nc6 21. Be3 Ba3 22. Nxd5 Bxd5 23. Rxd5 Bxc1 24. Rxd8 Nxd8 25. Qd7 Ne6 26. Bxc1 Rxc1+ 27. Kh2 Rc7 28. Qa4 Rd8 29. Nh4 Nd4 30. f4 h6 31. Nf3 Nxf3+ 32. gxf3 g6 33. Kg3 Rd3 34. Qe4 1/2-1/2

[Event "POL-chT Region 0607"]
[Site "Poland"]
[Date "2007.01.28"]
[Round "6"]
[White "Urbanski, Marek"]
[Black "Plecyng, Waldemar"]
[Result "0-1"]
[WhiteElo "1800"]
[BlackElo "1800"]
[PlyCount "72"]
[EventDate "2006.11.12"]
[EventType "team-tourn"]
[EventRounds "11"]
[EventCountry "POL"]
[SourceTitle "EXT 2008"]
[Source "ChessBase"]
[SourceDate "2007.11.25"]
[SourceVersion "1"]
[SourceVersionDate "2007.11.25"]
[SourceQuality "1"]

1. d4 d5 2. c4 Nf6 3. Nc3 e6 4. Bg5 c6 5. Nf3 Nbd7 6. e3 Bb4 7. Qc2 Qa5 8. Nd2 Ne4 9. Ndxe4 dxe4 10. Bf4 0-0 11. Be2 e5 12. dxe5 Nxe5 13. 0-0 Bxc3 14. bxc3 Bf5 15. Qb3 b6 16. Rfd1 Nd3 17. Bd6 Rfd8 18. Bxd3 exd3 19. Bb4 Qe5 20. Rd2 c5 21. Ba3 Rd6 22. Re1 Rh6 23. f4 Qe4 24. Bc1 Rg6 25. Rf2 Rd8 26. Bd2 Bh3 27. g3 Bc8 28. Ref1 Bb7 29. Rf3 h5 30. a4 h4 31. Kg2 Rdd6 32. a5 hxg3 33. hxg3 Rxg3+ 34. Kxg3 Rg6+ 35. Kh2 Qf5 36. Rh3 Rg2+ 0-1

[Event "POL-chT Region 0607"]
[Site "Poland"]
[Date "2006.11.26"]
[Round "3"]
[White "Kirsz, Krzysztof"]
[Black "Plecyng, Waldemar"]
[Result "1-0"]
[WhiteElo "1683"]
[BlackElo "1800"]
[PlyCount "59"]
[EventDate "2006.11.12"]
[EventType "team-tourn"]
[EventRounds "11"]
[EventCountry "POL"]
[SourceTitle "EXT 2008"]
[Source "ChessBase"]
[SourceDate "2007.11.25"]
[SourceVersion "1"]
[SourceVersionDate "2007.11.25"]
[SourceQuality "1"]

1. e4 e5 2. Nf3 Nf6 3. Nxe5 d6 4. Nf3 Nxe4 5. d3 Nf6 6. Be2 Be7 7. 0-0 0-0 8. Nc3 d5 9. Bf4 Re8 10. h3 a6 11. a3 h6 12. Qd2 Bf5 13. Be5 Nc6 14. Bh2 Bd6 15. Rfe1 Qd7 16. Bf1 Bxh2+ 17. Nxh2 d4 18. Ne2 Ne5 19. Qf4 Rad8 20. Ng3 Nxd3 21. cxd3 Bg6 22. Nf3 Bh7 23. Rxe8+ Rxe8 24. Rc1 Nd5 25. Qxd4 c6 26. Ne4 Qc7 27. Qxd5 cxd5 28. Rxc7 dxe4 29. dxe4 Bxe4 30. Bc4 1-0